000 00909nam a2200253 a 4500
001 53678
003 BD-RjUL
005 20211209080013.0
008 161023s1988 bg ||||| |||| 00| 0 ben d
020 _c: TK 135.00
035 _a(BD-RjUL)53800
040 _aBD-RjUL
_bben
_cBD-RjUL
041 _aben
082 _223
_a330.0151
_bDEA 1988
100 _aদে, হরেন্দ্র কান্তি
_9144045
245 1 0 _aঅর্থনীতির গাণিতিক পদ্ধতি /
_cহরেন্দ্র কান্তি দে
250 _a১ম সং.
260 _aঢাকা :
_bবাংলা একাডেমী,
_c১৯৮৮
300 _aখণ্ড ;
_c২১ সেমি.
505 0 _aখণ্ড ২ --
650 _aগাণিতিক অর্থনীতি
_9122636
650 _aMathematical Economics
_9122637
942 _2ddc
_cBK
999 _c53678
_d53678